Sprinklerová zařízení /

Gespeichert in:
Bibliographische Detailangaben
1. Verfasser: Rybář, Pavel (Verfasst von)
Format: Buch
Sprache:Tschechisch
Veröffentlicht: Ostrava SPBI 2011
Ausgabe:1. vyd.
Schriftenreihe:Spektrum 77.
Tags: Tag hinzufügen
Keine Tags, Fügen Sie das erste Tag hinzu!

MARC

LEADER 00000nam a22000003a 4500
001 0029381
003 SK-STU
005 20171222084907.8
007 ta
008 171222s ----xo-----e------000-0-----d
020 |a 978-80-7385-106-4 
040 |a STU  |b slo 
041 0 |a cze 
044 |a xr 
100 1 |a Rybář, Pavel  |4 aut 
245 1 0 |a Sprinklerová zařízení /  |c aut. Pavel Rybář 
250 |a 1. vyd. 
260 |a Ostrava  |b SPBI  |c 2011 
300 |a 96 s. 
490 0 |a Spektrum  |v 77. 
996 |b 284M087483  |c M* 14027-1  |l MMKN  |s A  |a 24  |w 0029381_0001